000 01500cam a22003974i 4500
003 PE-LiUPU
005 20250731175645.0
008 150616s r 000 0 d
020 _a0805410430
035 _a(Sirsi) i9780805410433
040 _aPE-LiUPU
_bspa
_cPE-LiUPU
_erda
049 _aPRUA
082 0 4 _a487.415
_bE11
_221
100 1 _aEasley, Kendell H.,
_eautor.
245 1 0 _aUser-Friendly Greek a Common Sense Approach to the Greek New Testament.
264 1 _aNashville, Tennessee :
_bBroadman and Holman Publishers,
_c1994.
300 _a167 páginas ;
_c22 centímetros
336 _atext
_2rdacontent
337 _aunmediated
_2rdamedia
338 _avolume
_2rdacarrier
505 0 _aFrom words to paragraphs.- The greek paragraph.- The sense of greek tense.- Sanity about moods.- Genitive case forms.- Patterns in the text.
526 _aP145
526 _aP127
526 _aP97
526 _aP35
526 _aP14
526 _aP07
650 0 4 _aGRIEGO BIBLICO - GRAMATICA.
910 _ajck
_bjvq
_cjck
942 _2ddc
_cBOOK
949 _a487.415 E11
_wDEWEY
_c1
_i42396
_lCCODEBUL1
_mBUL
_r0
_sY
_tBOOK
_u2015-6-16
_xTEOLOGIA
_zUNKNOWN
_0COMPRA
_o.STAFF. Colección General
994 _aC0
_bPEPRU
596 _a1
999 _a487.415 E11
_wDEWEY
_c60232
_i42396
_f2021-11-12
_g6
_lCCODEBUL1
_mBUL
_r0
_sY
_tBOOK
_u2015-6-16
_xTEOLOGIA
_zUNKNOWN
_0COMPRA
_o.STAFF. Colección General
_d60232
980 _81
_gALBERTO SANCHEZ Responsable de Automatización